Stations balnéaires en France - Statistiques

Statistiques générales
  • Ce quiz a été pris 59 fois
  • Le résultat moyen est 7 sur 15
Statistiques - réponses
Hint Réponse % Correct
Ville natale de Garibaldi, elle séduit avec sa Promenade des Anglais et ses musées. Nice
94%
Rendue célèbre par Brigitte Bardot, ce petit port provençal est aujourd’hui un haut lieu du luxe et de la fête. Saint-Tropez
92%
Nichée entre pinède et bassin, elle charme avec sa dune du Pilat et ses huîtres emblématiques. Arcachon
82%
Ancienne villégiature impériale, cette perle basque est devenue un spot de surf international et une capitale du chocolat. Biarritz
82%
Mondialement connue pour son Festival de cinéma, ses palaces et son vieux port plein de charme. Cannes
82%
Surnommée le "21e arrondissement de Paris", elle est célèbre pour son festival du film américain et ses parasols multicolores. Deauville
71%
Mecque du surf en Europe, elle mêle sport de glisse et ambiance branchée, avec des accents landais dans l’assiette. Hossegor
41%
Ville d’art et d’histoire où Louis XIV épousa l’infante d’Espagne, célèbre aussi pour ses macarons basques. Saint-Jean-de-Luz
35%
Romantique à souhait, elle fut la muse de Marcel Proust et brille par son architecture Belle Époque. Cabourg
27%
Station élégante aux villas Belle Époque, connue pour sa plage longue de 9 km et son atmosphère chic. La Baule
25%
Ancien village de pêcheurs, il attire les familles et les amateurs de taureaux camarguais. Le Grau-du-Roi
25%
Station conviviale entre Méditerranée et Pyrénées, elle célèbre la culture catalane et ses marchés colorés. Argelès-sur-Mer
24%
Ville à l’architecture 50s, réputée pour ses plages familiales et ses carrelets sur pilotis. Royan
18%
Ville natale de Christian Dior, entre falaises et plages, elle accueille chaque année un carnaval haut en couleur. Granville
10%
Élégante et sportive, elle attire les familles et célébrités, notamment grâce à ses villas et son golf. Le Touquet-Paris-Plage
2%
Aucun quiz correspondant
Distribution des résultats
% des personnes avec chaque résultat
Percentile par nombre de réponses
Votre historique - résultats
Vous n’avez pas pris ce quiz